Les 20 plus grandes villes de Côte-d'Or sur une carte - Statistiques

Statistiques générales
  • Ce quiz a été pris 110 fois
  • Le résultat moyen est 12 sur 20
Réponses sur la Carte
Les réponses sont colorées sur une échelle allant du rouge au vert en fonction du pourcentage des utilisateurs qui les ont devinées à leur premier essai. Vous pouvez retrouver ces pourcentages ci-dessous.
 
Statistiques - réponses
Commune Population % Correct
Dijon 159 941
100%
Beaune 20 233
92%
Chenôve 14 299
87%
Fontaine-lès-Dijon 9 032
78%
Quetigny 8 897
75%
Talant 11 986
71%
Montbard 4 751
67%
Nuits-Saint-Georges 5 263
66%
Chevigny-Saint-Sauveur 10 895
61%
Longvic 8 787
61%
Châtillon-sur-Seine 5 404
60%
Marsannay-la-Côte 5 440
60%
Auxonne 7 592
56%
Is-sur-Tille 4 308
55%
Gevrey-Chambertin 2 983
52%
Saint-Apollinaire 7 517
52%
Semur-en-Auxois 4 027
49%
Genlis 5 125
47%
Neuilly-Crimolois 3 430
28%
Venarey-les-Laumes 2 758
26%
Aucun quiz correspondant
Distribution des résultats
% des personnes avec chaque résultat
Percentile par nombre de réponses
Votre historique - résultats
Vous n’avez pas pris ce quiz